[Event "DVM U16 2022"]
[Site "Darmstadt GER"]
[Date "2022.12.29"]
[Round "6"]
[White "Meuer, David"]
[Black "Eichhorn, Valentin"]
[Result "1/2-1/2"]
[Termination "normal"]
[Board "9.1"]
[WhiteElo "1949"]
[BlackElo "1566"]
[WhiteClock "00:15:01"]
[BlackClock "00:47:34"]
[WhiteTeam "SV Turm Lahnstein"]
[BlackTeam "Karlsruher SF 1853"]
[PlyCount "59"]
[WhiteFideId "16262964"]
[BlackFideId "16239032"]
[EventCountry "GER"]
[EventRounds "7"]
[EventType "team-swiss"]
[EventDate "2022.12.26"]

1. e4 {[%clk 1:30:59]} c5 {[%clk 1:30:44]} 2. c3 {[%clk 1:31:25]} d5 {[%clk
1:31:06]} 3. exd5 {[%clk 1:31:52]} Qxd5 {[%clk 1:31:28]} 4. d4 {[%clk 1:32:18]}
Nf6 {[%clk 1:31:48]} 5. Nf3 {[%clk 1:32:41]} Nc6 {[%clk 1:32:10]} 6. Na3 {[%clk
1:32:46]} Bg4 {[%clk 1:32:10]} 7. Be2 {[%clk 1:32:01]} cxd4 {[%clk 1:32:03]} 8.
Nb5 {[%clk 1:29:43]} Rc8 {[%clk 1:31:46]} 9. Nbxd4 {[%clk 1:24:41]} Nxd4 {[%clk
1:29:28]} 10. Qxd4 {[%clk 1:17:17]} Qxd4 {[%clk 1:29:30]} 11. Nxd4 {[%clk
1:17:33]} Bxe2 {[%clk 1:29:52]} 12. Kxe2 {[%clk 1:17:20]} e6 {[%clk 1:29:56]}
13. Rd1 {[%clk 1:15:47]} Bc5 {[%clk 1:29:11]} 14. Bg5 {[%clk 1:11:00]} O-O
{[%clk 1:27:18]} 15. Bxf6 {[%clk 1:07:44]} gxf6 {[%clk 1:27:36]} 16. Nb3 {[%clk
1:07:45]} Bb6 {[%clk 1:26:03]} 17. Rd7 {[%clk 1:07:25]} Rc7 {[%clk 1:26:07]}
18. Rad1 {[%clk 1:06:44]} Rfc8 {[%clk 1:25:51]} 19. R1d3 {[%clk 1:04:36]} Rxd7
{[%clk 1:25:41]} 20. Rxd7 {[%clk 1:05:00]} Rc7 {[%clk 1:26:00]} 21. Rxc7 {[%clk
1:04:58]} Bxc7 {[%clk 1:26:16]} 22. Nc5 {[%clk 1:00:49]} b5 {[%clk 1:20:26]}
23. a4 {[%clk 0:48:20]} bxa4 {[%clk 1:16:31]} 24. Nxa4 {[%clk 0:48:32]} Kf8
{[%clk 1:16:42]} 25. Nc5 {[%clk 0:39:20]} Ke7 {[%clk 1:15:40]} 26. Nd3 {[%clk
0:39:33]} Kd7 {[%clk 1:13:43]} 27. Ke3 {[%clk 0:27:29]} Kc6 {[%clk 1:03:49]}
28. c4 {[%clk 0:25:46]} f5 {[%clk 0:54:48]} 29. b3 {[%clk 0:24:08]} a5 {[%clk
0:47:34]} 30. Ne1 {[%clk 0:15:01]} 1/2-1/2

[Event "DVM U16 2022"]
[Site "Darmstadt GER"]
[Date "2022.12.29"]
[Round "6"]
[White "Hoffmann, Sophia"]
[Black "Mader, Fabian"]
[Result "0-1"]
[Termination "normal"]
[Board "9.2"]
[WhiteElo "1352"]
[BlackElo "1819"]
[WhiteClock "01:15:23"]
[BlackClock "01:16:17"]
[WhiteTeam "Karlsruher SF 1853"]
[BlackTeam "SV Turm Lahnstein"]
[PlyCount "42"]
[WhiteFideId "16259130"]
[BlackFideId "16265866"]
[EventCountry "GER"]
[EventRounds "7"]
[EventType "team-swiss"]
[EventDate "2022.12.26"]

1. d4 {[%clk 1:30:30]} Nf6 {[%clk 1:30:30]} 2. Nf3 {[%clk 1:30:30]} g6 {[%clk
1:30:30]} 3. g3 {[%clk 1:30:30]} Bg7 {[%clk 1:30:30]} 4. Bg2 {[%clk 1:30:30]}
O-O {[%clk 1:30:30]} 5. O-O {[%clk 1:30:30]} d5 {[%clk 1:30:30]} 6. Nbd2 {[%clk
1:30:30]} b6 {[%clk 1:30:30]} 7. Re1 {[%clk 1:30:30]} Bb7 {[%clk 1:30:30]} 8.
b3 {[%clk 1:30:30]} c5 {[%clk 1:30:30]} 9. Bb2 {[%clk 1:30:30]} Nc6 {[%clk
1:21:59]} 10. dxc5 {[%clk 1:22:05]} bxc5 {[%clk 1:21:18]} 11. c4 {[%clk
1:21:52]} d4 {[%clk 1:20:12]} 12. e3 {[%clk 1:21:52]} e5 13. Nxe5 {[%clk
1:18:54]} Nxe5 {[%clk 1:17:01]} 14. Bxb7 {[%clk 1:18:26]} Rb8 {[%clk 1:16:14]}
15. Be4 {[%clk 1:18:48]} Nxe4 16. Nxe4 Nxc4 {[%clk 1:16:12]} 17. bxc4 {[%clk
1:17:38]} Rxb2 {[%clk 1:16:36]} 18. Nxc5 {[%clk 1:16:37]} dxe3 {[%clk 1:16:20]}
19. Qxd8 {[%clk 1:16:12]} exf2 {[%clk 1:16:41]} 20. Kf1 {[%clk 1:15:03]} fxe1=Q
{[%clk 1:15:54]} 21. Rxe1 {[%clk 1:15:23]} Rxd8 {[%clk 1:16:17]} 0-1

[Event "DVM U16 2022"]
[Site "Darmstadt GER"]
[Date "2022.12.29"]
[Round "6"]
[White "Lenz, Joshua"]
[Black "Liu, Leon"]
[Result "1-0"]
[Termination "normal"]
[Board "9.3"]
[WhiteElo "1527"]
[BlackElo "1298"]
[WhiteClock "00:41:57"]
[BlackClock "00:17:34"]
[WhiteTeam "SV Turm Lahnstein"]
[BlackTeam "Karlsruher SF 1853"]
[PlyCount "65"]
[WhiteFideId "16256956"]
[BlackFideId "16275047"]
[EventCountry "GER"]
[EventRounds "7"]
[EventType "team-swiss"]
[EventDate "2022.12.26"]

1. e4 {[%clk 1:30:57]} c6 {[%clk 1:30:55]} 2. Nc3 {[%clk 1:30:02]} d5 {[%clk
1:31:16]} 3. Nf3 {[%clk 1:30:13]} Bg4 {[%clk 1:31:33]} 4. exd5 {[%clk 1:30:07]}
cxd5 {[%clk 1:31:43]} 5. d4 {[%clk 1:30:09]} Nc6 {[%clk 1:31:30]} 6. Bb5 {[%clk
1:28:35]} Nf6 {[%clk 1:29:11]} 7. Bf4 {[%clk 1:27:02]} e6 {[%clk 1:28:08]} 8.
h3 {[%clk 1:26:16]} Bxf3 {[%clk 1:24:30]} 9. Qxf3 {[%clk 1:18:51]} a6 {[%clk
1:24:16]} 10. Bxc6 {[%clk 1:19:03]} bxc6 {[%clk 1:24:33]} 11. Ne2 {[%clk
1:17:44]} Bd6 {[%clk 1:23:06]} 12. c3 {[%clk 1:16:40]} O-O {[%clk 1:18:07]} 13.
Bg5 {[%clk 1:12:37]} Be7 {[%clk 1:18:08]} 14. Nf4 {[%clk 1:08:49]} Ne4 {[%clk
1:16:06]} 15. Bxe7 {[%clk 1:09:10]} Qxe7 {[%clk 1:16:31]} 16. Nd3 {[%clk
1:06:59]} Rab8 {[%clk 1:11:55]} 17. Qe2 {[%clk 1:06:28]} Rb6 {[%clk 1:10:07]}
18. O-O {[%clk 1:05:47]} Rfb8 {[%clk 1:09:25]} 19. Rfc1 {[%clk 1:03:28]} Qf6
{[%clk 0:57:16]} 20. b4 {[%clk 1:01:22]} Qe7 {[%clk 0:49:25]} 21. a4 {[%clk
1:00:11]} Qd6 {[%clk 0:41:27]} 22. Nc5 {[%clk 0:58:56]} a5 {[%clk 0:35:04]} 23.
bxa5 {[%clk 0:57:00]} Rb2 {[%clk 0:34:59]} 24. Nxe4 {[%clk 0:57:17]} dxe4
{[%clk 0:34:44]} 25. Qxe4 {[%clk 0:56:54]} Ra8 {[%clk 0:34:19]} 26. Rcb1 {[%clk
0:54:43]} Rxb1 {[%clk 0:33:56]} 27. Qxb1 {[%clk 0:55:03]} Rxa5 {[%clk 0:32:34]}
28. Qb6 {[%clk 0:54:13]} Ra8 {[%clk 0:31:05]} 29. Rb1 {[%clk 0:53:35]} g6
{[%clk 0:30:55]} 30. Rb4 {[%clk 0:49:49]} Qd5 {[%clk 0:25:18]} 31. Qc7 {[%clk
0:46:04]} Ra5 {[%clk 0:20:27]} 32. Rb7 {[%clk 0:41:56]} Qf5 {[%clk 0:17:34]}
33. g4 {[%clk 0:41:57]} 1-0

[Event "DVM U16 2022"]
[Site "Darmstadt GER"]
[Date "2022.12.29"]
[Round "6"]
[White "Kossert, Simon"]
[Black "Samtleben, Christian"]
[Result "1/2-1/2"]
[Termination "normal"]
[Board "9.4"]
[WhiteElo "1299"]
[BlackElo "1115"]
[WhiteClock "00:15:13"]
[BlackClock "00:24:42"]
[WhiteTeam "Karlsruher SF 1853"]
[BlackTeam "SV Turm Lahnstein"]
[PlyCount "50"]
[WhiteFideId "16283287"]
[BlackFideId "16275098"]
[EventCountry "GER"]
[EventRounds "7"]
[EventType "team-swiss"]
[EventDate "2022.12.26"]

1. e4 {[%clk 1:30:57]} e6 {[%clk 1:30:52]} 2. d4 {[%clk 1:30:57]} d5 {[%clk
1:30:52]} 3. e5 {[%clk 1:30:57]} c5 {[%clk 1:30:52]} 4. c3 {[%clk 1:30:57]} Nc6
{[%clk 1:30:52]} 5. Nf3 {[%clk 1:30:57]} Qb6 {[%clk 1:30:52]} 6. a3 {[%clk
1:30:57]} c4 {[%clk 1:30:52]} 7. Be2 {[%clk 1:30:57]} Bd7 {[%clk 1:30:52]} 8.
Nbd2 {[%clk 1:30:57]} Na5 {[%clk 1:30:52]} 9. O-O {[%clk 1:30:57]} Ne7 {[%clk
1:30:52]} 10. Ng5 {[%clk 1:30:57]} h6 {[%clk 1:30:52]} 11. Nh3 {[%clk 1:30:57]}
g6 {[%clk 1:30:52]} 12. Rb1 {[%clk 1:30:57]} Nb3 {[%clk 1:30:52]} 13. Nxb3
{[%clk 1:30:57]} Ba4 {[%clk 1:30:52]} 14. Be3 {[%clk 1:30:57]} Bxb3 {[%clk
1:30:52]} 15. Qd2 {[%clk 1:30:57]} Nc6 {[%clk 1:30:52]} 16. f4 {[%clk 1:30:57]}
O-O-O {[%clk 1:30:52]} 17. g4 {[%clk 1:30:57]} Be7 {[%clk 1:30:52]} 18. f5
{[%clk 1:30:57]} gxf5 {[%clk 1:30:52]} 19. gxf5 {[%clk 1:30:57]} Rdg8 {[%clk
1:30:52]} 20. Kh1 {[%clk 1:30:57]} exf5 {[%clk 1:30:52]} 21. Rxf5 {[%clk
1:30:57]} Nd8 {[%clk 1:30:52]} 22. Bh5 {[%clk 1:30:57]} Qe6 {[%clk 0:31:32]}
23. Rbf1 {[%clk 0:27:41]} Rh7 {[%clk 0:28:55]} 24. Ng1 {[%clk 0:15:13]} Rhg7
{[%clk 0:24:42]} 25. Qf2 Bh4 1/2-1/2

[Event "DVM U16 2022"]
[Site "Darmstadt GER"]
[Date "2022.12.29"]
[Round "6"]
[White "Elstner, Florian"]
[Black "Lichtinger, Simon"]
[Result "1/2-1/2"]
[Termination "normal"]
[Board "10.1"]
[WhiteElo "1736"]
[BlackElo "1517"]
[WhiteClock "00:21:59"]
[BlackClock "00:35:27"]
[WhiteTeam "Schachklub König Plauen"]
[BlackTeam "FC Ergolding 1932 e.V."]
[PlyCount "82"]
[WhiteFideId "16247264"]
[BlackFideId "16230442"]
[EventCountry "GER"]
[EventRounds "7"]
[EventType "team-swiss"]
[EventDate "2022.12.26"]

1. d4 {[%clk 1:30:58]} Nf6 {[%clk 1:30:54]} 2. c4 {[%clk 1:31:21]} g6 {[%clk
1:31:19]} 3. Nc3 {[%clk 1:31:40]} Bg7 {[%clk 1:31:39]} 4. e4 {[%clk 1:32:04]}
d6 {[%clk 1:32:05]} 5. f3 {[%clk 1:32:29]} Nfd7 {[%clk 1:30:55]} 6. Be3 {[%clk
1:31:01]} e5 {[%clk 1:31:21]} 7. d5 {[%clk 1:30:38]} Bh6 {[%clk 1:31:27]} 8.
Qd2 {[%clk 1:27:06]} Bxe3 {[%clk 1:31:43]} 9. Qxe3 {[%clk 1:27:33]} a5 {[%clk
1:31:32]} 10. Nh3 {[%clk 1:22:59]} Nc5 {[%clk 1:28:11]} 11. Nf2 {[%clk
1:22:57]} Nbd7 {[%clk 1:24:15]} 12. Be2 {[%clk 1:19:23]} Nf6 {[%clk 1:21:36]}
13. O-O-O {[%clk 1:16:02]} Nh5 {[%clk 1:18:45]} 14. g3 {[%clk 1:14:21]} Bd7
{[%clk 1:13:44]} 15. Kb1 {[%clk 1:11:09]} Qe7 {[%clk 1:09:02]} 16. f4 {[%clk
1:05:17]} Nf6 {[%clk 1:06:13]} 17. Bf3 {[%clk 0:55:04]} b6 {[%clk 1:00:06]} 18.
Rhe1 {[%clk 0:50:26]} O-O-O {[%clk 0:58:51]} 19. Nd3 {[%clk 0:49:33]} Nxd3
{[%clk 0:56:43]} 20. Rxd3 {[%clk 0:49:44]} Kb8 {[%clk 0:55:38]} 21. Nb5 {[%clk
0:47:46]} Bc8 {[%clk 0:54:08]} 22. Ra3 {[%clk 0:44:01]} Bb7 {[%clk 0:48:44]}
23. Rc3 {[%clk 0:38:48]} Nd7 {[%clk 0:46:03]} 24. b3 {[%clk 0:35:46]} Nc5
{[%clk 0:45:11]} 25. a3 {[%clk 0:35:36]} Na6 {[%clk 0:42:43]} 26. Re2 {[%clk
0:32:36]} Rhe8 {[%clk 0:41:48]} 27. Qd2 {[%clk 0:24:07]} Qf6 {[%clk 0:38:54]}
28. b4 {[%clk 0:21:59]} axb4 {[%clk 0:33:47]} 29. axb4 {[%clk 0:22:23]} h5
{[%clk 0:33:28]} 30. Ra3 {[%clk 0:20:21]} Kc8 {[%clk 0:32:19]} 31. Qa2 {[%clk
0:16:38]} Nxb4 {[%clk 0:31:14]} 32. Qa1 {[%clk 0:15:43]} Kd7 {[%clk 0:29:54]}
33. Rb2 {[%clk 0:15:07]} Na6 {[%clk 0:25:42]} 34. Rxa6 {[%clk 0:15:32]} Bxa6
{[%clk 0:26:03]} 35. Qxa6 {[%clk 0:15:58]} exf4 {[%clk 0:23:32]} 36. Qb7 {[%clk
0:14:22]} Rc8 {[%clk 0:21:45]} 37. Bg2 {[%clk 0:12:12]} g5 {[%clk 0:17:56]} 38.
Rf2 {[%clk 0:12:20]} Ke7 {[%clk 0:12:52]} 39. gxf4 {[%clk 0:08:54]} Kf8 {[%clk
0:12:02]} 40. Rb2 {[%clk 0:00:31]} Qxf4 {[%clk 0:06:38]} 41. Nxc7 {[%clk
0:21:59]} Rb8 {[%clk 0:35:27]} 1/2-1/2

[Event "DVM U16 2022"]
[Site "Darmstadt GER"]
[Date "2022.12.29"]
[Round "6"]
[White "Klein, Maxim"]
[Black "Melestean, Timur"]
[Result "0-1"]
[Termination "normal"]
[Board "10.2"]
[WhiteElo "1345"]
[BlackElo "1718"]
[WhiteClock "01:00:46"]
[BlackClock "01:05:40"]
[WhiteTeam "FC Ergolding 1932 e.V."]
[BlackTeam "Schachklub König Plauen"]
[PlyCount "62"]
[WhiteFideId "16281632"]
[BlackFideId "16280385"]
[EventCountry "GER"]
[EventRounds "7"]
[EventType "team-swiss"]
[EventDate "2022.12.26"]

1. d4 {[%clk 1:30:59]} d5 {[%clk 1:30:56]} 2. Bf4 {[%clk 1:31:23]} Nf6 {[%clk
1:31:21]} 3. Nc3 {[%clk 1:31:47]} e6 {[%clk 1:31:48]} 4. e3 {[%clk 1:31:59]}
Bb4 {[%clk 1:32:10]} 5. Nge2 {[%clk 1:31:27]} O-O {[%clk 1:31:37]} 6. a3 {[%clk
1:31:28]} Be7 {[%clk 1:31:17]} 7. h3 {[%clk 1:30:04]} a6 {[%clk 1:31:37]} 8. g4
{[%clk 1:29:17]} c5 {[%clk 1:31:37]} 9. Bg2 {[%clk 1:29:20]} Nc6 {[%clk
1:31:35]} 10. Bg3 {[%clk 1:27:28]} cxd4 {[%clk 1:29:01]} 11. Nxd4 {[%clk
1:26:48]} Bc5 {[%clk 1:28:54]} 12. O-O {[%clk 1:26:46]} Bd7 {[%clk 1:28:53]}
13. Nb3 {[%clk 1:20:42]} Bb6 {[%clk 1:28:40]} 14. Bd6 {[%clk 1:20:24]} Re8
{[%clk 1:20:15]} 15. g5 {[%clk 1:20:48]} Bc8 {[%clk 1:17:11]} 16. gxf6 {[%clk
1:20:28]} Qxd6 {[%clk 1:17:29]} 17. Qg4 {[%clk 1:20:13]} g6 {[%clk 1:17:26]}
18. Qg5 {[%clk 1:18:36]} Bd7 {[%clk 1:12:54]} 19. Na4 {[%clk 1:17:40]} Bc7
{[%clk 1:13:02]} 20. f4 {[%clk 1:16:47]} Na5 {[%clk 1:11:03]} 21. Nac5 {[%clk
1:16:43]} Bc6 {[%clk 1:10:58]} 22. Kf2 {[%clk 1:10:21]} Nxb3 23. Nxb3 {[%clk
1:10:44]} e5 {[%clk 1:06:09]} 24. f5 {[%clk 1:10:20]} Bd8 {[%clk 1:06:05]} 25.
fxg6 {[%clk 1:10:18]} hxg6 {[%clk 1:06:26]} 26. Kg1 {[%clk 1:09:09]} Re6 {[%clk
1:06:26]} 27. Rad1 {[%clk 1:02:33]} Rxf6 {[%clk 1:06:14]} 28. Rxf6 {[%clk
1:02:48]} Bxf6 {[%clk 1:06:29]} 29. Qg4 {[%clk 1:02:10]} Rd8 {[%clk 1:05:03]}
30. Bxd5 {[%clk 1:00:18]} Bxd5 {[%clk 1:05:20]} 31. e4 {[%clk 1:00:46]} Qb6
{[%clk 1:05:40]} 0-1

[Event "DVM U16 2022"]
[Site "Darmstadt GER"]
[Date "2022.12.29"]
[Round "6"]
[White "Atze, Reinhard"]
[Black "Huber, Laura"]
[Result "0-1"]
[Termination "normal"]
[Board "10.3"]
[WhiteElo "1329"]
[BlackElo "1357"]
[WhiteClock "00:50:07"]
[BlackClock "00:36:52"]
[WhiteTeam "Schachklub König Plauen"]
[BlackTeam "FC Ergolding 1932 e.V."]
[PlyCount "36"]
[WhiteFideId "12995665"]
[BlackFideId "16270940"]
[EventCountry "GER"]
[EventRounds "7"]
[EventType "team-swiss"]
[EventDate "2022.12.26"]

1. e4 {[%clk 1:30:57]} e5 {[%clk 1:30:57]} 2. Nf3 {[%clk 1:31:21]} Nc6 {[%clk
1:31:23]} 3. d4 {[%clk 1:31:47]} exd4 {[%clk 1:31:50]} 4. Bc4 {[%clk 1:32:12]}
Bb4 {[%clk 1:31:31]} 5. c3 {[%clk 1:32:25]} dxc3 {[%clk 1:31:42]} 6. O-O {[%clk
1:32:47]} Nge7 {[%clk 1:28:14]} 7. a3 {[%clk 1:22:36]} Ba5 {[%clk 1:22:49]} 8.
b4 {[%clk 1:22:19]} Bb6 {[%clk 1:23:07]} 9. Ng5 {[%clk 1:18:40]} Ne5 {[%clk
1:19:29]} 10. Ba2 {[%clk 1:16:12]} h6 {[%clk 1:12:59]} 11. Bf4 {[%clk 1:06:49]}
c2 {[%clk 1:09:09]} 12. Qxc2 {[%clk 0:59:35]} N7g6 {[%clk 1:06:38]} 13. Qc3
{[%clk 0:56:41]} Qf6 {[%clk 1:00:09]} 14. Bxe5 {[%clk 0:53:38]} Nxe5 {[%clk
0:59:23]} 15. Nh3 {[%clk 0:53:33]} Bd4 {[%clk 0:56:18]} 16. Qg3 {[%clk
0:50:38]} Bxa1 {[%clk 0:55:46]} 17. Nf4 {[%clk 0:50:40]} c6 {[%clk 0:45:03]}
18. Nh5 {[%clk 0:50:07]} Qg5 {[%clk 0:36:52]} 0-1

[Event "DVM U16 2022"]
[Site "Darmstadt GER"]
[Date "2022.12.29"]
[Round "6"]
[White "Paringer, Jakob"]
[Black "Bühring, Marwin"]
[Result "0-1"]
[Termination "normal"]
[Board "10.4"]
[WhiteElo "1298"]
[BlackElo "1374"]
[WhiteClock "00:27:56"]
[BlackClock "00:47:55"]
[WhiteTeam "FC Ergolding 1932 e.V."]
[BlackTeam "Schachklub König Plauen"]
[PlyCount "50"]
[WhiteFideId "34605134"]
[BlackFideId "16281985"]
[EventCountry "GER"]
[EventRounds "7"]
[EventType "team-swiss"]
[EventDate "2022.12.26"]

1. e4 {[%clk 1:30:59]} c5 {[%clk 1:30:41]} 2. Nf3 {[%clk 1:30:51]} e6 {[%clk
1:30:50]} 3. d4 {[%clk 1:30:49]} cxd4 {[%clk 1:31:15]} 4. Nxd4 {[%clk 1:31:11]}
Nc6 {[%clk 1:31:39]} 5. Be3 {[%clk 1:30:42]} Nf6 {[%clk 1:31:53]} 6. Bd3 {[%clk
1:30:19]} a6 {[%clk 1:32:09]} 7. O-O {[%clk 1:29:41]} d5 {[%clk 1:29:46]} 8.
exd5 {[%clk 1:24:57]} Nxd5 {[%clk 1:29:57]} 9. Nxc6 {[%clk 1:24:03]} bxc6
{[%clk 1:29:50]} 10. Bd2 {[%clk 1:23:13]} Rb8 {[%clk 1:26:43]} 11. b3 {[%clk
1:21:04]} Bd6 {[%clk 1:26:11]} 12. Qe1 {[%clk 1:15:37]} Bb7 {[%clk 1:19:37]}
13. c4 {[%clk 1:10:23]} Nf4 {[%clk 1:07:02]} 14. Bxf4 {[%clk 0:57:29]} Bxf4
{[%clk 1:06:41]} 15. Be4 {[%clk 0:55:08]} Qd4 {[%clk 1:03:05]} 16. Na3 {[%clk
0:50:14]} Bxh2 {[%clk 0:58:40]} 17. Kxh2 {[%clk 0:47:24]} Qd6 {[%clk 0:59:01]}
18. Kg1 {[%clk 0:46:08]} Qxa3 {[%clk 0:59:26]} 19. Qc3 {[%clk 0:44:19]} O-O
{[%clk 0:56:40]} 20. Qf3 {[%clk 0:40:55]} Qd6 {[%clk 0:50:40]} 21. Rfd1 {[%clk
0:35:11]} Qc7 {[%clk 0:50:58]} 22. Rd3 {[%clk 0:34:53]} f5 {[%clk 0:50:29]} 23.
Bxc6 {[%clk 0:33:44]} Bxc6 {[%clk 0:50:41]} 24. Qh5 {[%clk 0:30:09]} Rf6 {[%clk
0:48:08]} 25. g3 {[%clk 0:27:56]} Rh6 {[%clk 0:47:55]} 0-1